Southville International School and Colleges
Your cart is empty.
  • Cart
  • Lists
    Public lists Eva Luna New books Lux_list list_1
    Your lists Log in to create your own lists
  • Log in to your account
  • Your cookies
  • Search history
Southville International School and Colleges
  • Advanced search
  • Recent comments
  • Most popular
  • Libraries

Log in to your account

Log in with GOOGLE


If you do not have an external account, but do have a local account, you can still log in:

  1. Home
  2. MARC view: Leading with conviction :
Normal view MARC view ISBD view

Leading with conviction : (Record no. 25974)

[ view plain ]
MARC details
000 -LEADER
fixed length control field 00678nam a22002057a 4500
003 - CONTROL NUMBER IDENTIFIER
control field SISC
005 - DATE AND TIME OF LATEST TRANSACTION
control field 20170123150606.0
008 - FIXED-LENGTH DATA ELEMENTS--GENERAL INFORMATION
fixed length control field 140109b xxu||||| |||| 00| 0 eng d
020 ## - INTERNATIONAL STANDARD BOOK NUMBER
International Standard Book Number 9781118444269
050 ## - LIBRARY OF CONGRESS CALL NUMBER
Classification number HD 57.7
Item number .Sa225 2013
100 ## - MAIN ENTRY--PERSONAL NAME
Personal name Saadasaar, Shalom.
245 ## - TITLE STATEMENT
Title Leading with conviction :
Remainder of title mastering the nine critical pillars of integrated leadership /
Statement of responsibility, etc Shalom Saada Saar with Michael J. Hargrove.
260 ## - PUBLICATION, DISTRIBUTION, ETC. (IMPRINT)
Place of publication, distribution, etc San Francisco, LA :
Name of publisher, distributor, etc Jossey-Bass,
Date of publication, distribution, etc 2013.
300 ## - PHYSICAL DESCRIPTION
Extent xxxiii, 253 pages ;
Dimensions 24 cm.
504 ## - BIBLIOGRAPHY, ETC. NOTE
Bibliography, etc Includes index.
650 ## - SUBJECT ADDED ENTRY--TOPICAL TERM
Topical term or geographic name as entry element Leadership.
650 ## - SUBJECT ADDED ENTRY--TOPICAL TERM
Topical term or geographic name as entry element BUSINESS & ECONOMICS
General subdivision Leadership.
942 ## - ADDED ENTRY ELEMENTS (KOHA)
Source of classification or shelving scheme Library of Congress Classification
Koha item type Books
Call number prefix Foreign
Holdings
Withdrawn status Lost status Source of classification or shelving scheme Damaged status Home library Current library Shelving location Date acquired Total Checkouts Full call number Barcode Date last seen Date checked out Copy number Price effective from Koha item type
    Library of Congress Classification   College Library College Library Reserve Section 01/09/2014 1 HD 57.7 .Sa225 2013 C17418 06/19/2018 06/11/2018 1 01/09/2014 Books

Leading with conviction :

APA

Saadasaar S., . (2013). Leading with conviction. San Francisco, LA: Jossey-Bass.

Chicago

Saadasaar Shalom, . 2013. Leading with conviction. San Francisco, LA: Jossey-Bass.

Harvard

Saadasaar S., . (2013). Leading with conviction. San Francisco, LA: Jossey-Bass.

MLA

Saadasaar Shalom, . Leading with conviction. San Francisco, LA: Jossey-Bass. 2013.

  • Place hold
  • Print
  • Cite
  • Add to your cart (remove)
  • Save record
    BIBTEX Dublin Core MARCXML MARC (non-Unicode/MARC-8) MARC (Unicode/UTF-8) MARC (Unicode/UTF-8, Standard) MODS (XML) RIS
  • More searches
    Search for this title in:
    Other Libraries (WorldCat) Other Databases (Google Scholar) Online Stores (Bookfinder.com) Open Library (openlibrary.org)

Exporting to Dublin Core...

SOUTHVILLE LIBRARY

Southville International School and Colleges Library

1281 Tropical Ave. Cor. Luxembourg St., BF Homes International, Las Pinas City

Tel. No. 8256374 / 252358 Loc. 117/146

Powered by Koha